Before and After: Sports & Entertainment Quiz Stats

 Plays Quiz Updated Jun 13, 2017

Challenge
Share
Tweet
Embed
Score 0/15 Timer 04:00
1 Play Today
Before (Sports) % Correct
Former Dodgers and Yankees pitcher famous for coming back from elbow ligament replacement surgeryTommy John Lennon
82.9%
Cleveland Cavalier who 'took his talents to South Beach' in 2010 before returning in 2014LeBron James Franco
75.3%
Boston Celtics star who won the 2008 NBA Finals MVPPaul Pierce Brosnan
67.1%
1995 Heisman Trophy winner who is also the Tennessee Titans all-time leading rusherEddie George Clooney
62.4%
IndyCar driver who became the first woman to ever win an IndyCar raceDanica Patrick Swayze
61.4%
Red Sox OF who won the 2008 All Star Game MVPJ.D. Drew Barrymore
55.9%
MLB all time leader in strikeouts; currently owns the Texas RangersNolan Ryan Gosling
50.8%
Former New York Jets RB who is 4th on the NFL's all time rushing listCurtis Martin Scorsese
48.7%
Before (Sports) % Correct
Second on the all-time home run list with 755Hank Aaron Sorkin
48.3%
MLB Hall of Famer known as Mr. OctoberReggie Jackson Browne
36.8%
Indianapolis Colts receiver who was selected to his 5th Pro Bowl in 2010Reggie Wayne Knight
35.9%
Former Heavyweight Champion nicknamed the Brown BomberJoe Louis Armstrong
26.6%
NHL Goalie who's second on the all time wins list with 551Patrick Roy Rogers
25.3%
Star striker for Manchester United who missed the 2010 World Cup due to injuryMichael Owen Wilson
25.1%
NBA Hall of Famer who had three sons also play in the NBARick Barry White
22.8%

You're not logged in!

Compare scores with friends on all Sporcle quizzes.
Join for Free
OR
Log In

You Might Also Like...

Show Comments

Extras

Top Quizzes Today


Score Distribution

Your Account Isn't Verified!

In order to create a playlist on Sporcle, you need to verify the email address you used during registration. Go to your Sporcle Settings to finish the process.

Report this User

Report this user for behavior that violates our Community Guidelines.

Details: